El carbón del Río Huaco (Provincia de San Juan) y su posición tectónica. (Record no. 28288)

MARC details
000 -LEADER
fixed length control field 00837cam a22002531 4500
001 - CONTROL NUMBER
control field gs 48000261
003 - CONTROL NUMBER IDENTIFIER
control field DLC
005 - DATE AND TIME OF LATEST TRANSACTION
control field 20260227111354.0
008 - FIXED-LENGTH DATA ELEMENTS--GENERAL INFORMATION
fixed length control field 880108s1947 ag af b 000 0 spa c
010 ## - LIBRARY OF CONGRESS CONTROL NUMBER
LC control number gs 48000261
035 ## - SYSTEM CONTROL NUMBER
System control number (OCoLC)17320315
040 ## - CATALOGING SOURCE
Original cataloging agency U.S. Geol. Survey. Libr.
Transcribing agency TxDaM
Modifying agency DLC
043 ## - GEOGRAPHIC AREA CODE
Geographic area code s-ag---
050 00 - LIBRARY OF CONGRESS CALL NUMBER
Classification number QE231
Item number .A3 no. 62
051 ## - LIBRARY OF CONGRESS COPY, ISSUE, OFFPRINT STATEMENT
Classification number QE231
Item number .H34
100 1# - MAIN ENTRY--PERSONAL NAME
Personal name Heim, Arnold,
Dates associated with a name 1882-1965.
245 13 - TITLE STATEMENT
Title El carbón del Río Huaco (Provincia de San Juan) y su posición tectónica.
260 ## - PUBLICATION, DISTRIBUTION, ETC.
Place of publication, distribution, etc. Buenos Aires,
Date of publication, distribution, etc. 1947.
300 ## - PHYSICAL DESCRIPTION
Extent 18 p.
Other physical details illus., 2 plates.
Dimensions 27 cm.
490 0# - SERIES STATEMENT
Series statement Argentine Republic. Dirección de Minas y Geología. Boletín
Volume/sequential designation no. 62
504 ## - BIBLIOGRAPHY, ETC. NOTE
Bibliography, etc. note Bibliographical footnotes.
650 #0 - SUBJECT ADDED ENTRY--TOPICAL TERM
Topical term or geographic name entry element Coal
Geographic subdivision Argentina
-- San Juan (Province)
650 #0 - SUBJECT ADDED ENTRY--TOPICAL TERM
Topical term or geographic name entry element Geology
Geographic subdivision Argentina
-- San Juan (Province)

No items available.

Powered by Koha